000 00210 a2200097 4500
001 28909
100 _aScheid, F
245 _aIntroductio to Computer Sc
260 _a
_bMc Graw Hill
_c
090 _c19323
_d19323
942 _aNUST-CAE
_cM
_c10362
999 _c263982
_d263982